Στατιστική έρευνα : μέθοδοι και εφαρμογές
Αποθηκεύτηκε σε:
| Κύριος συγγραφέας: | |
|---|---|
| Άλλοι συγγραφείς: | |
| Μορφή: | Βιβλίο |
| Γλώσσα: | Greek |
| Δημοσίευση: |
Αθήνα :
Ι. Σίδερης,
2006
|
| Θέματα: | |
| Ετικέτες: |
Προσθήκη ετικέτας
Δεν υπάρχουν, Καταχωρήστε ετικέτα πρώτοι!
|
MARC
| LEADER | 00000cam a2200000 i 4500 | ||
|---|---|---|---|
| 001 | 1/29004 | ||
| 008 | 060509s2006 gre d | ||
| 020 | |a 960-08-0370-6 | ||
| 035 | |l 10083793 | ||
| 040 | |a GR-MY-UA |b gre |e aacr | ||
| 041 | 0 | |a gre | |
| 082 | 0 | |a 519.5 |2 (23) | |
| 100 | 1 | |a Ρόντος, Κωνσταντίνος, |d 1954- | |
| 245 | 1 | 0 | |a Στατιστική έρευνα : |b μέθοδοι και εφαρμογές / |c Κωνσταντίνος Ρόντος, Ευστράτιος Παπάνης |
| 260 | |a Αθήνα : |b Ι. Σίδερης, |c 2006 | ||
| 300 | |a 399 σ.; |b πίν.; |c 24 εκ. | ||
| 504 | |a Περιέχει βιβλιογραφία (σ. 397-399) | ||
| 630 | 0 | 0 | |a SPSS (Computer file) |
| 650 | 0 | 0 | |a Research |x Statistical methods. |
| 650 | 0 | 0 | |a Research |x Methodology. |
| 650 | 0 | 0 | |a Statistics. |
| 650 | 0 | 0 | |a Sampling (Statistics) |
| 700 | 1 | |a Παπάνης, Ευστράτιος Π., |d 1969- | |
| 852 | |a INST |b CHIOS |e 20131128 |h 001.422 ΡΟΝ |p 005200037057 |q 005200037057 |t BK |y 0 | ||
| 852 | |a INST |b LESVOS |e 20060509 |h 001.422 ΡΟΝ |p 005100034917 |q 005100034917 |t BK |y 0 | ||
| 852 | |a INST |b LESVOS |e 20100617 |h 001.422 ΡΟΝ |p 005100047997 |q 005100047997 |t BK |y 12 | ||
| 852 | |a INST |b LESVOS |e 20100617 |h 001.422 ΡΟΝ |p 005100047998 |q 005100047998 |t BK |y 0 | ||
| 852 | |a INST |b LESVOS |e 20110531 |h 001.422 ΡΟΝ |p 005100049018 |q 005100049018 |t BK |y 0 | ||
| 852 | |a INST |b LESVOS |e 20130829 |h 001.422 ΡΟΝ |p 005100052938 |q 005100052938 |t BK |y 0 | ||
| 852 | |a INST |b LESVOS |e 20140402 |h 001.422 ΡΟΝ |p 005100053847 |q 005100053847 |t BK |y 0 | ||
| 852 | |a INST |b SAMOS |e 20141030 |h 519.5 ΡΟΝ |p 005300037096 |q 005300037096 |t BK |y 0 | ||
| 901 | |a BIBL3-2014-3 | ||
| 901 | |a BIBL1-2006-2 | ||
| 901 | |a BIBL1-2011-2 | ||
| 901 | |a BIBL2-2013-3 | ||
| 909 | |a Σ |b 185268 | ||
| 909 | |a Λ |b 126490 | ||
| 909 | |a Λ |b 186727 | ||
| 909 | |a Λ |b 164873 | ||
| 909 | |a Λ |b 164874 | ||
| 909 | |a Λ |b 167953 | ||
| 909 | |a Λ |b 182131 | ||
| 909 | |a Χ |b 179979 | ||
| 920 | |a ΕΥΔΟΞΟΣ |y ΛΕΣΒΟΣ |z 2011-05 | ||
| 970 | |a ΚΑΡΑ |b ΓΙΑΣΕΜΗ |z 2006/05/09 | ||